000 01063nam a2200241Ia 4500
001 19424
003 GE_BSU
008 181216s||||||||xx |||||||||||||| ||und||
040 _cGE_BSU
080 _a81'(063)
245 _aიბერიულ-კავკასიური ენათმეცნიერება XXII= иберийско-кавказкое языкознание=IVERO-CAUCASIA
245 _cსარედ კოლ:ივ.გიგინეიშვილი,გ.თოფურია და სხვ.მთ.რედ:ქ.ლომთათიძე
260 _aთბილისი
260 _bმეცნიერება
260 _c1980
300 _a357გვ;24სმ.
300 _b1ფ პორტრეტი
541 _h5ლ.40თ.
653 _aენათმეცნიერება
653 _aეძღვნება აკად.ვარლამ თოფურიას დაბადების 80 წლის თავს
653 _aქართული ენა
942 _cBK
999 _c52404
_d52404